| 000 | 00537nam a2200193 i 4500 | ||
|---|---|---|---|
| 001 | 72777 | ||
| 003 | ES-MaACL | ||
| 005 | 20251013214048.0 | ||
| 007 | t| | ||
| 008 | 040902s1973 sp ||||1| eng d | ||
| 020 | _a84-359-0091-6 | ||
| 100 | 1 |
_aGoetz, Thomas H. _957578 |
|
| 245 | 1 | 0 |
_aTaine and the fine arts / _cThomas H. Goetz. |
| 260 |
_aMadrid : _bPlayor, _c[1973] |
||
| 300 |
_a154 p. ; _c19 cm. |
||
| 600 | 1 | 4 |
_aTaine, Hippolyte, _d1828-1893 _9109085 |
| 852 |
_aES-MaACL _jC-55339 _bR.87662 |
||
| 999 |
_c72777 _d72777 |
||